Fann- e- sahafat (Record no. 233331)

000 -LEADER
fixed length control field nam a22 7a 4500
003 - CONTROL NUMBER IDENTIFIER
control field Nust
005 - DATE AND TIME OF LATEST TRANSACTION
control field 20170307093725.0
008 - FIXED-LENGTH DATA ELEMENTS--GENERAL INFORMATION
fixed length control field 170307b xxu||||| |||| 00| 0 eng d
040 ## - CATALOGING SOURCE
Transcribing agency 0
082 ## - DEWEY DECIMAL CLASSIFICATION NUMBER
Classification number 070.4
100 ## - MAIN ENTRY--PERSONAL NAME
Relator code Abdussalam Khursheed
245 ## - TITLE STATEMENT
Title Fann- e- sahafat
Statement of responsibility, etc. Abdussalam Khursheed
260 ## - PUBLICATION, DISTRIBUTION, ETC.
Place of publication, distribution, etc. Lahore
Name of publisher, distributor, etc. Maktaba karvan
Date of publication, distribution, etc. 2008
300 ## - PHYSICAL DESCRIPTION
Extent 355p
942 ## - ADDED ENTRY ELEMENTS (KOHA)
Source of classification or shelving scheme
Koha item type Book
Holdings
Withdrawn status Lost status Source of classification or shelving scheme Damaged status Not for loan Permanent Location Current Location Shelving location Date acquired Total Checkouts Full call number Barcode Date last seen Price effective from Koha item type
          Central Library (CL) Central Library (CL) First Floor - Journalism 03/07/2017   302.23 KHU S3H-N-101 03/07/2017 03/07/2017 Book
          Central Library (CL) Central Library (CL) First Floor - Journalism 03/07/2017   302.23 KHU S3H-N-102 03/07/2017 03/07/2017 Book
          Central Library (CL) Central Library (CL) First Floor - Journalism 03/07/2017   302.23 KHU S3H-N-103 03/07/2017 03/07/2017 Book
          Central Library (CL) Central Library (CL) First Floor - Journalism 03/07/2017   302.23 KHU S3H-N-104 03/07/2017 03/07/2017 Book
          Central Library (CL) Central Library (CL) First Floor - Journalism 03/07/2017   302.23 KHU S3H-N-105 03/07/2017 03/07/2017 Book
          Central Library (CL) Central Library (CL) First Floor - Journalism 03/07/2017   302.23 KHU S3H-N-106 03/07/2017 03/07/2017 Book
© 2023 Central Library, National University of Sciences and Technology. All Rights Reserved.